Juan del encina, prometheus in search of prestige /

Guardado en:
Autor Principal: Andrews, J. Richard
Formato: Libro
Publicado: Berkeley-los Angeles : Univ.of California Press, 1959
Materias:
Etiquetas: Agregar Etiqueta
Sin Etiquetas, Sea el primero en etiquetar este registro!
LEADER 00522nam a22001575a 4500
001 EHU.bham007913
003 AR-BHAM
005 20100104133040.0
008 130507s1959##################000#0#####d
082 8 6 |a 862.107 
100 1 |a Andrews, J. Richard 
245 1 0 |a Juan del encina, prometheus in search of prestige /  |c J. Richard Andrews. 
260 |a Berkeley-los Angeles :  |b Univ.of California Press,  |c 1959 
300 |a 188 p. 
653 |a Teatro espaÑol- -1369 
859 |a AR-BHAM  |b BIB. HUMANIDADES - General  |h 862.107  |i An26  |p 232.60  |t Ej.1